| 000 | 00333nam a22001337a 4500 | ||
|---|---|---|---|
| 008 | 170818b xxu||||| |||| 00| 0 eng d | ||
| 020 | _a070573751 | ||
| 041 | _aeng | ||
| 080 | _a51 | ||
| 100 | _a37 | ||
| 101 | _aMAT | ||
| 245 |
_aDIFFERENTIAL EQUATIONS WITH APPLICATION AND HISTORICAL NOTES _cSIMMONS.G.F |
||
| 942 |
_2udc _cBK |
||
| 999 |
_c24053 _d24053 |
||